| 000 | 01242nas a2200313 4500 | ||
|---|---|---|---|
| 001 | BR2011008125 | ||
| 003 | BR-BrBNA | ||
| 005 | 20231205115842.0 | ||
| 007 | ta | ||
| 008 | 230509b bl.|||p| |||| 00| 00por d | ||
| 040 |
_aBR-BrBNA _bpor _cBiblioteca Nacional de Agricultura |
||
| 041 | _a(Pt) | ||
| 072 | _aL70; L74 | ||
| 100 | 1 | _aRodrigues, D.P. | |
| 100 | 1 | _aToledo, F. | |
| 100 | 1 | _aLandau-Remy, G. | |
| 100 | 1 | _aRamos Júnior, V. | |
| 100 | 1 | _aMendes-de-Almeida, F. | |
| 245 | 1 | _aRetirada bem sucedida de anzol do tubo digestivo de Pinguim de Magalhães (Spheniscusmagellanicus FOSTER, J.R. 1781)com a utilização de endoscopia flexível - Relato de caso | |
| 246 | 1 | _aSuccessful removal of fish from digestive tract of Magellanic Penguin (Spheniscusmagellanicus FOSTER, J.R. 1781)using a flexible endoscopy - Case report | |
| 650 | _aPINGUIM | ||
| 650 | _aSPHENISCUS MAGELLANICUS | ||
| 650 | _aANZOL | ||
| 650 | _aCIRURGIA | ||
| 650 | _aDISTÚRBIO ANIMAL | ||
| 773 | 0 |
_tMEDVEP. Revista Científica de Medicina Veterinária. Pequenos Animais e Animais de Estimação (Brazil) _xISSN 1678-1430 _g(Jan-Mar 2011), v. 9(28) p. 131-134 _wBR2011008125 |
|
| 909 |
_a202311 _bLúcia _c55 _dLúcia Elande |
||
| 942 |
_2AGRIS _n0 _cANA |
||
| 999 |
_c216016 _d216016 |
||